| 000 | 00972nam a22002297a 4500 | ||
|---|---|---|---|
| 999 |
_c20362 _d20362 |
||
| 003 | AR-CdUCM | ||
| 008 | 190529b ||||| |||| 00| 0 spa d | ||
| 040 |
_aMUNICIPALIDAD PROVINCIAL DEL CUSCO _cBIBLIOTECA MUNICIPAL DEL CUSCO |
||
| 041 | _heng | ||
| 082 |
_a373.3 / _bH25 |
||
| 100 |
_aHauenstein, A. Dean. _942582 |
||
| 245 |
_aPlaneamiento del currículo para el desarrollo de la conducta : _bGuía para incrementar: la eficacia del aprendizaje, la pertinencia del contenido, el interés del alumno, la responsabilidad del docente y del alunmo / |
||
| 260 |
_aBuenos Aires : _bGuadalupe, _c1974. |
||
| 300 |
_a64 páginas ; _c29 cm. _bModelos. |
||
| 505 | _aContenido: Un marco de referencia -- Investigación del currículo -- Diseño de las estructuras de conocimiento... | ||
| 650 |
_aCurrículo _93590 |
||
| 650 |
_aPsicología _91538 |
||
| 650 |
_aEducación _9460 |
||
| 700 |
_aAlcalde, Ramón (traductor) _96110 |
||
| 942 |
_2ddc _cLIBROS |
||
| 945 | _aJavier | ||